Biennial report of Texas energy development fund : a staff report /

Bibliographic Details
Corporate Author: Texas Energy and Natural Resources Advisory Council
Format: Serial
Language:English
Published: Austin, Tex. : The Council.
Subjects:

MARC

Tag First Indicator Second Indicator Subfields
LEADER 00000cas a2200000 a 4500
001 in00001067310
005 20150929092802.0
008 831129c19uu9999txugr 0uuua0eng d
035 |a (OCoLC)10168458 
035 |9 AFM6487AM 
040 |a TXQ  |c TXQ  |d IKM  |d UtOrBLW 
049 |a IKMd 
090 |a HD9502.U53  |b T43 
099 |a E2175.3  |a B477 
110 2 |a Texas Energy and Natural Resources Advisory Council. 
245 1 0 |a Biennial report of Texas energy development fund :  |b a staff report /  |c by the Texas Energy and Natural Resources Advisory Council, Technology Development Division. 
246 3 9 |a Operation of Texas energy development fund 
264 1 |a Austin, Tex. :  |b The Council. 
300 |a volumes ;  |c 28 cm. 
310 |a Biennial 
336 |a text  |b txt  |2 rdacontent 
337 |a unmediated  |b n  |2 rdamedia 
338 |a volume  |b nc  |2 rdacarrier 
500 |a 1980-81 report has title: Operation of Texas energy development fund. 
650 0 |a Renewable energy sources  |z Texas. 
650 0 |a Power resources  |x Research  |z Texas. 
999 |a MARS 
999 f f |s 16689394-365a-3118-84ab-96cdd503ca2d  |i 94267361-d4be-3fbd-881a-3f02edffd7ad  |t 0 
952 f f |p normal  |a Texas A&M University  |b College Station  |c Sterling C. Evans Library  |d Evans: Texas Documents (Annex 5th floor)  |t 0  |e E2175.3 B477  |h Superintendent of Documents classification  |i unmediated -- volume  |l 1981/1982  |m A14820430612 
952 f f |p normal  |a Texas A&M University  |b College Station  |c Sterling C. Evans Library  |d Evans: Texas Documents (Annex 5th floor)  |t 0  |e E2175.3 B477  |h Superintendent of Documents classification  |i unmediated -- volume  |l 1980/1981  |m A14820430604 
998 f f |a E2175.3 B477  |t 0  |l Evans: Texas Documents (Annex 5th floor)